000 00562nam a22001937a 4500
005 20241206115718.0
008 241206b ||||| |||| 00| 0 eng d
020 _a9780674279315
040 _cAL
041 _aeng
082 _223
_a340.11
_bPOSF
100 _aRichard A Posner
_9188082
245 _aFrontiers of legal theory
260 _aLondon
_bHarvard University Press
_c2022
300 _a453p.
_bPB
_c23.1x16cm.
365 _2General
_a1060
_b₹726.35
_c
_d₹995.00
_e27%
_f28-11-2024
650 _2Law
_aParticular Topics
_9188083
942 _2ddc
_cBK
999 _c232153
_d232153